| 000 | 00458nam a2200133 a 4500 | ||
|---|---|---|---|
| 008 | 120416s1961 ||||||||||||||||| || u | ||
| 050 | _aTN 690 Die | ||
| 100 | _aDieter, George E | ||
| 245 | 1 | 0 | _aMechanical Metallurgy |
| 260 |
_aNew York _bMcGraw-Hill _c1961 |
||
| 300 | _axix, 615p. : ill. | ||
| 350 | _a0.00 | ||
| 995 |
_D0.00 _FCBU-MAIN LIBRARY (Kitwe) _H1 _I15.25 _M1 _UDAMAGED _ZMain Library Open Access Collection |
||
| 999 |
_c50892 _d50892 |
||